Tilastot visalle Yleistieto #70

Klikkaa tästä pelataksesi tätä visaa!

Yleistilastot

  • Tätä visaa on pelattu 271 kertaa
  • Keskiarvotulos 6 / 13

Vastaustilastot

VinkkiVastaus% Oikein
Kuka on HIM- yhtyeen laulaja?Ville Valo
79%
Kenen hitti on "Like a Virgin"?Madonnan
78%
Missä kaupungissa on Merivoimien esikunta?Turussa
73%
Mikä on Bosnian pääkaupunki?Sarajevo
61%
Kuka on kirjoittanut kirjan "Enkelit ja Demonit"?Dan Brown
51%
Kenen lempinimi oli 'Pariisin varpunen'?Edith Piafin
46%
Kuka on ohjannut "Le Havre" elokuvan?Aki Kaurismäki
44%
Minkä kaupungin kaupunginosia ovat Tuppurala, Savilahti ja Urpola?Mikkelin
41%
Kuka on suunnitellut St.Louisin Gateway Archin?Eero Saarinen
30%
Mikä on Kenian toiseksi suurin kaupunki?Mombasa
30%
Missä maassa on kaupunki nimeltä Sousse?Tunisiassa
28%
Mikä on Hitlerin syntymäkaupunki?Braunau am Inn
11%
Kuka kirjoitti kuka "Setä Tuomon tupa"?Harriet Beecher Stowe
9%

Tulosjakauma

Persentiili vastausten määrän mukaan

Jokaisen tuloksen saaneiden osuus

Tuloshistoriasi

Et ole pelannut tätä visaa